| 000 | 00535cam a2200205 4500 | ||
|---|---|---|---|
| 001 | J128054 | ||
| 008 | 000000n2004 000 0 eng u | ||
| 035 | _a(Sirsi) u128054 | ||
| 050 |
_a333.336 _c18 |
||
| 110 |
_aEstates Gazette _9298 |
||
| 245 | _aUK distribution parks directory 2004 | ||
| 260 |
_aLondon _bEstates Gazette _c2004 |
||
| 300 | _a224p. ; 30cm. | ||
| 650 | _aDIRECTORIES | ||
| 650 | _aDISTRIBUTION CENTRES | ||
| 650 | _aWAREHOUSES | ||
| 650 | _aREGIONS | ||
| 690 | _aPROPERTY-COMMERCIAL PROPERTY | ||
| 942 | _n0 | ||
| 999 |
_c103863 _d103863 |
||